Меж вечера и света: повести, рассказы

Podrobná bibliografie
Hlavní autor: Широкий В. А. Василий Алексеевич
Další autoři: Фатехов В. Владимир (иллюстратор)
Shrnutí:Исключено из фонда НТБ ТПУ
Jazyk:ruština
Vydáno: Москва, Советский писатель, 1990
Médium: MixedMaterials Kniha
KOHA link:https://koha.lib.tpu.ru/cgi-bin/koha/opac-detail.pl?biblionumber=153092

MARC

LEADER 00000nam0a2200000 4500
001 153092
005 20231031151235.0
010 |a 5265012141 
020 |a RU  |b 91-2737 
035 |a (RuTPU)RU\TPU\book\166089 
090 |a 153092 
100 |a 20090209d1990 m y0rusy5003 ca 
101 0 |a rus 
102 |a RU 
105 |a c z 000ay 
200 1 |a Меж вечера и света  |e повести, рассказы  |f В. А. Широкий  |g худож. В. Фатехов 
210 |a Москва  |c Советский писатель  |d 1990 
215 |a 464 с.  |c портр.  |d 20 см 
333 |a Исключено из фонда НТБ ТПУ 
675 |a Р2  |z rus 
700 1 |a Широкий  |b В. А.  |g Василий Алексеевич  |4 070 
702 1 |a Фатехов  |b В.  |g Владимир  |4 440 
801 0 |a RU  |b RuMRKP  |c 19950417  |g psbo 
801 1 |a RU  |b 63413507  |c 20090209  |g PSBO 
801 2 |a RU  |b 63413507  |c 20221005  |g PSBO 
942 |c BK